Βύθιση : Φωτογραφίες = Singing : Photographs
Αποθηκεύτηκε σε:
| Κύριος συγγραφέας: | |
|---|---|
| Μορφή: | Βιβλίο |
| Γλώσσα: | Greek English |
| Δημοσίευση: |
Αθήνα :
Εκδόσεις Φωτοχώρος/Φωτοφραφικός Κύκλος,
1993.
|
| Θέματα: | |
| Ετικέτες: |
Προσθήκη ετικέτας
Δεν υπάρχουν, Καταχωρήστε ετικέτα πρώτοι!
|
MARC
| LEADER | 00000cam a2200000 i 4500 | ||
|---|---|---|---|
| 001 | 1/55790 | ||
| 008 | 951103s1993####gr | | ||| |||| ||gre|| | ||
| 020 | |a 9608511496 | ||
| 035 | |1 ΕΛΗ |a 1995 |b 2510 |c ΚΟΝΙΟΡΔΟΣ |l 10045382 | ||
| 040 | |a GR-MyUA |b gre |e AACR2 | ||
| 041 | 0 | |a gre |h eng | |
| 082 | 0 | |a 778.9 | |
| 100 | 1 | |a Κοκκινιάς, Πάνος. | |
| 245 | 1 | 0 | |a Βύθιση : |b Φωτογραφίες = Singing : Photographs / |c Πάνος Κοκκινιάς. |
| 246 | 1 | |i Παράλληλος τίτλος: |a Sinking : |b Photographs | |
| 260 | |a Αθήνα : |b Εκδόσεις Φωτοχώρος/Φωτοφραφικός Κύκλος, |c 1993. | ||
| 300 | |a 93 σ. : |b εικ. ; |c 20 εκ. | ||
| 650 | 0 | 0 | |a Photograph albums. |
| 852 | |a INST |b SAMOS |e 19951103 |h 778.9 ΚΟΚ |p 005300009219 |q 005300009219 |t BK |y 0 | ||
| 901 | |a BIBL-1997-1 | ||
| 909 | |a Σ |b 049146 | ||